| 000 | 00831nam a22002897a 4500 | ||
|---|---|---|---|
| 003 | CHAP | ||
| 005 | 20220329134139.0 | ||
| 008 | 971013s1968 r 00010 d | ||
| 010 | _a16114 | ||
| 011 | _a17086 | ||
| 035 | _a21169 | ||
| 040 | _cCHAP | ||
| 082 |
_a311 _bH6Y |
||
| 100 | 0 | 0 |
_aHoel, Paul G. _955771 |
| 245 | _aEstadística elemental | ||
| 260 |
_aMéxico. D.F. : _bCECSA, _c1968 |
||
| 300 |
_a400 p. _b: ilus. |
||
| 500 | _aTrad. de la 2 ed. en inglés | ||
| 590 |
_aBATCH-UPD _b10 _c20130110 _lUCH01 _h2105 |
||
| 590 |
_aBATCH-UPD _b10 _c20130410 _lUCH01 _h1417 |
||
| 590 |
_aBATCH-UPD _b10 _c20130914 _lUCH01 _h1323 |
||
| 590 |
_aCONVERSION _b10 _c20130109 _lUCH01 _h1310 |
||
| 650 | 1 | 4 |
_aEstadística. _938241 |
| 901 | _aBK | ||
| 942 | _cLIBRO | ||
| 949 |
_a311 H6Y _bBC _cLIBRO _d33724000296349 _eLIBRO _h17898 _i21169 _si |
||
| 999 |
_c16114 _d16114 |
||